| 000 | 00614nam a2200193 a 4500 | ||
|---|---|---|---|
| 001 | 3441 | ||
| 005 | 20180713183354.0 | ||
| 008 | 140415s1967 000 0 spa d | ||
| 041 | _aspa | ||
| 082 |
_a371.104 _bWAL |
||
| 100 | 1 | _aWALLENSTEIN, ANTON | |
| 245 | 1 | 3 |
_aLA EDUCACION DEL NIÑO Y DEL ADOLESCENTE : _bINDICACION Y CONSEJOS PARA PADRES, DIRECTORES ESPIRITUALES |
| 250 | _a4a ed. | ||
| 260 |
_a[s.l.] : _bHERDER, _c1967 |
||
| 300 | _a413 | ||
| 490 |
_aBIBLIOTECA HERDER _vSECCION DE PEDAGOGI _v31 |
||
| 650 | 1 | 4 |
_aADOLESCENCIA _xEDUCACION DE NIOS |
| 700 | 1 |
_aRUIZ GARRIDO, CONSTANTINO _etr. |
|
| 999 |
_c3441 _d3441 |
||